| 000 | 00457nam a2200169 i 4500 | ||
|---|---|---|---|
| 001 | 145937 | ||
| 003 | ES-MaACL | ||
| 005 | 20230906201348.0 | ||
| 007 | t| | ||
| 008 | 071018s1971 sp ||||1| spa d | ||
| 100 | 1 |
_aVerde, Josefina. _9114005 |
|
| 245 | 1 | 0 |
_aManantial de paz / _cJosefina Verde. |
| 250 | _a[1ยช ed.]. | ||
| 260 |
_aSalamanca : _b[s.n.], _c1971 ( _fImp. Calatrava) |
||
| 300 |
_a117 p. ; _c20 cm. |
||
| 852 |
_aES-MaACL _jC-39859 _bR.76669 |
||
| 999 |
_c145937 _d145937 |
||